|
|
|
|
| LEADER |
00000naa a2200000uu 4500 |
| 001 |
vtls011061161 |
| 003 |
SK-MaSNL |
| 005 |
20260302111914.0 |
| 008 |
210906|2010 xo |||||||||||||||||eng| |
| 015 |
|
|
|a SNBRA
|
| 035 |
|
|
|a (urnnbn)urn:nbn:sk:snk:ar-a0c2ri
|
| 035 |
|
|
|a (uuid)fe9b8814-1255-4e1b-a74a-ab11e88f6518
|
| 035 |
|
|
|a urn:nbn:sk:snk-aav9a7
|
| 040 |
|
|
|a SNKBUCL
|b slo
|c SNKBUCL
|e AACR2
|
| 041 |
0 |
|
|a eng
|
| 044 |
|
|
|a xo
|c SK
|
| 100 |
1 |
|
|a Hub, Juraj,
|d 1970-
|4 aut
|9 159847
|
| 245 |
1 |
0 |
|a SMALL WIND TUNNEL PROPOSAL USING TRANSPARENT MATERIALS
|c Juraj HUB, Dalibor ROZEHNAL
|
| 700 |
1 |
|
|a Rozehnal, Dalibor
|4 aut
|9 790111
|
| 773 |
0 |
|
|t ICMT'10 - International Conference on Military Technologies 2010
|d Trenčín : Faculty of Special Technologies, Alexander Dubček University of Trenčín, 2010
|g S. 121-128
|z 9788080754532
|
| 958 |
|
|
|a OND
|
| 958 |
|
|
|a article12
|
| 958 |
|
|
|a chapter
|
| 999 |
|
|
|c 1249385
|d 1251315
|